Economic reforms for the poor (Record no. 394713)

000 -LEADER
fixed length control field 00575cam a22001817a 4500
008 - FIXED-LENGTH DATA ELEMENTS--GENERAL INFORMATION
fixed length control field 180718b2000 xxu||||| |||| 00| 0 eng d
020 ## - INTERNATIONAL STANDARD BOOK NUMBER
International Standard Book Number 8122005888
082 ## - DEWEY DECIMAL CLASSIFICATION NUMBER
Classification number Q31x54 G155
245 ## - TITLE STATEMENT
Title Economic reforms for the poor
Statement of responsibility, etc. edited by Shubhashis Gangopadhyay and Wilima Wadhwa
260 ## - PUBLICATION, DISTRIBUTION, ETC.
Place of publication, distribution, etc. Delhi
Name of publisher, distributor, etc. Konark
Date of publication, distribution, etc. 2000
300 ## - PHYSICAL DESCRIPTION
Extent 514p.
650 ## - SUBJECT ADDED ENTRY--TOPICAL TERM
Topical term or geographic name entry element India --Social conditions --1947-
650 ## - SUBJECT ADDED ENTRY--TOPICAL TERM
Topical term or geographic name entry element India --Economic policy --1980-
650 ## - SUBJECT ADDED ENTRY--TOPICAL TERM
Topical term or geographic name entry element India --Economic conditions --1947-
650 ## - SUBJECT ADDED ENTRY--TOPICAL TERM
Topical term or geographic name entry element Poverty --India
700 ## - ADDED ENTRY--PERSONAL NAME
Personal name Wadhwa, Wilima
700 ## - ADDED ENTRY--PERSONAL NAME
Personal name Gangopadhyay, Shubhashis
Holdings
Withdrawn status Lost status Damaged status Not for loan Permanent Location Current Location Date acquired Full call number Barcode Date last seen Price effective from Koha item type
        Indian Institute of Public Administration Indian Institute of Public Administration 2000-10-11 Q31x54 G155 75866 2018-07-21 2018-07-21 Book

Powered by Koha